Statistics for intro (end of the world) - Ariana Grande (lyrics)

Click here to take the quiz!

General Stats

  • This quiz has been taken 75 times
  • The average score is 131 of 143

Answer Stats

Answer% Correct
I
100%
If
100%
if
100%
the
100%
to
100%
(You)
100%
you,
100%
you
100%
your
98%
And
96%
and
96%
can
96%
How
96%
I’m
96%
in
96%
it
96%
know
96%
relationship?
96%
right
96%
tell
96%
be
94%
lover?
94%
shine
94%
shit?
94%
still
94%
sun
94%
supposed
94%
that
94%
would
94%
Would
94%
Baby,
92%
bones
92%
Feel
92%
me
92%
moon
92%
really
92%
refused
92%
tonight
92%
want
92%
all
91%
don't
91%
ended
91%
five
91%
mind,
91%
mind?
91%
on
91%
one
91%
Then
91%
tomorrow
91%
weeks
91%
Aren't
89%
for
89%
there?
89%
dark
87%
he
87%
like
87%
now
87%
this
87%
care
85%
he's
85%
interaction
85%
mine?
85%
(Truth)
85%
truth
85%
went
85%
Wonder
85%
am
83%
make
83%
rather
83%
smiling
83%
I’d
81%
own
81%
Than
81%
thinking
81%
had
79%
judging
79%
worse
79%
been
77%
'bout
75%
I’ve
75%
too
74%
inspiring
70%
knows
70%
what's
66%
that's
64%

Score Distribution

Percentile by Number Answered

Percent of People with Each Score

Your Score History

You have not taken this quiz